1767 1692 1375 1451 1617 1345 1840 1502 1767 1333 1086 1187 1587 1621 1497 1413 1367 1992 1704 1665 1491 1700 1376 1137 1590 1822 1404 1917 1920 1422 1055 1681 1940 1164 1116 1965 1839 1938 1866 1358 1545 1132 1189 1940 1585 1526 1196 1062 1881 1780 1055 1604 1409 1108 1616 1731 1646 1109 1911 1945 1410 1137 1678 1742 1426 1555 1267 1374 1700 1951 1949 1476 1544 1430 1634 1952 1846 1651 1288 1082 1915 1194 1796 1857 1051 1812 1490 1595 1873 1490 1399 1552 1530 1769 1594 1532 1488 1690 1295 BCNSPRNW ULIB Ver.6.0+V

เปลี่ยนเป็นภาษาไทย

Change to English
 แสดงรายละเอียดบรรณานุกรม
  กลับหน้าหลัก

Brief Record : Get Marc (ISO 2709) : E-mail record : QR code < ปิดหน้าต่าง
LEADER : 00000nam 2200000uu 4500
001    13399112024
003     ULIB
008    110627s2542||||th 000 0 tha d
099    วจ.WY18.2^bร175ศ
100 0  รพีพรรณ เรืองเดชอนันต์
245 00 ศึกษาสภาพการเรียนการสอนที่ส่งเสริมการเรียนรู้ด้วยตนเองของนักศึกษาพยาบาลวิทยาลัยพยาบาล สังกัดสถาบันพระบรมราชชนก/^cรพีพรรณ เรืองเดชอนันต์
260    นครสวรรค์ :^bวิทยาลัยพยาบาลบรมราชชนนี เครือข่ายภาคเหนือ,^c2542
300    118 หน้า
650  7 ความฉลาดทางอารมณ์^xวิจัย
650  7 วิทยาลัยพยาบาลบรมราชชนนี เครือข่ายภาคเหนือ
945    ^p0^l0^i012109
945    ^p0^l0^i012110
945    ^p0^l0^i012111
945    ^p0^l0^i012112
945    ^p0^l0^i012113
945    ^p0^l0^i012114
945    ^p0^l0^i012115
945    ^p0^l0^i012116
945    ^p0^l0^i012117
945    ^p0^l0^i012118
945    ^p0^l0^i012119
945    ^p0^l0^i019160
945    ^p0^l0^i032849
995    ทศพร
999 ^a ใช้งานได้ทุกระบบ
รายการนี้ยังไม่มีแท็ก
คุณยังไม่ได้ล็อกอิน คุณสามารถมีกิจกรรมร่วมกับเว็บไซต์ได้ แต่ต้องล็อกอินก่อน ::
  ล็อกอิน

รายการสื่อสารสนเทศ

ลำดับที่ ประเภท เลขเรียก/บาร์โค้ด สถานที่ สถานะ
1. งานวิจัย
งานวิจัย
วจ.WY18.2 ร175ศ ฉ.13 
  Barcode: 032849
ห้องสมุดวิทยาเขตสวรรค์ประชารักษ์
►วิจัย
บนชั้น

รายการใกล้เคียง
    ผู้แต่ง [รพีพรรณ เรืองเดชอนันต์]

BibComment


ยังไม่เคยถูกคอมเมนท์

คอมเมนท์ทรัพยากรรายการนี้
  คอมเมนท์: ศึกษาสภาพการเรียน..


 Copyright 2026. Bcnsprnw @Library